[Event "Titled Tue 17th Jun Late"]
[Site "chess.com INT"]
[Date "2025.06.17"]
[Round "11"]
[White "Ambartsumova, Karina"]
[Black "Aliyev, Elnur"]
[Result "1/2-1/2"]
[WhiteTitle "IM"]
[BlackTitle "CM"]
[WhiteElo "2403"]
[BlackElo "2123"]
[WhiteFideId "4166299"]
[BlackFideId "13402617"]
[EventDate "2025.06.17"]

1. Nf3 c5 2. c4 Nc6 3. Nc3 e5 4. e3 Nf6 5. d4 exd4 6. exd4 d5 7. cxd5 Nxd5 8.
Bc4 Nb6 9. Bb5 cxd4 10. Nxd4 Bd7 11. Nxc6 Bxc6 12. Bxc6+ bxc6 13. Qf3 Nd5 14.
O-O Be7 15. Rd1 O-O 16. Nxd5 cxd5 17. Rxd5 Qb6 18. b3 Bf6 19. Be3 Qb7 20. Rad1
a5 21. Qg4 Rfe8 22. h4 Qb4 23. Qf5 a4 24. h5 axb3 25. axb3 Qxb3 26. h6 Ra1 27.
Rxa1 Bxa1 28. hxg7 Bxg7 29. g3 Rb8 30. Kg2 Qb7 31. Qf3 Re8 32. Bf4 Qa8 33. g4
Rd8 34. Rxd8+ Qxd8 35. Qe4 Qf8 36. Kg3 Qc8 37. f3 Qf8 38. Qf5 Qa8 39. Qg5 Qf8
40. Qf5 f6 41. Qe6+ Qf7 42. Qc8+ Qf8 43. Qf5 Kh8 44. Be3 Qg8 45. Bd4 Qf8 46. g5
Qb8+ 47. Kg4 fxg5 48. Bxg7+ Kxg7 49. Qxg5+ Kf7 50. Qf5+ Kg7 51. Qg5+ Kf7 52.
Qh5+ Kg7 53. Qd5 Qc8+ 54. Kg3 Qf8 55. Qg5+ Kh8 56. Qe3 Qg7+ 57. Kf2 Qf7 58. f4
Kg7 59. Qg3+ Kf8 60. Qa3+ Kg7 61. Qc3+ Qf6 62. Qc7+ Qf7 63. Qe5+ Qf6 64. Qe3 Qf5
65. Ke2 h5 66. Kf2 Qg4 67. Qe5+ Kg6 68. Qd6+ Kf5 69. Qe5+ Kg6 70. Ke3 h4 71.
Qd6+ Kh5 72. Qe5+ Kh6 73. Qf6+ Kh7 74. Kd4 Qg3 75. Qf5+ Kh6 76. Qf6+ Kh5 77.
Qf5+ Kh6 78. Qe6+ Kh5 79. Qf7+ Kg4 80. Ke5 Kf3 81. Qd5+ Kf2 82. Qd2+ Kg1 83.
Qd1+ Kf2 84. Kf5 Qh3+ 85. Ke5 Qg3 86. Qd2+ Kf1 87. Qd1+ Qe1+ 88. Qxe1+ Kxe1 89.
f5 h3 90. f6 h2 91. f7 h1=Q 92. f8=Q Qh2+ 93. Qf4 Qe2+ 94. Qe4 Kf2 95. Qxe2+
Kxe2 1/2-1/2

[Event "Titled Tue 17th Jun Late"]
[Site "chess.com INT"]
[Date "2025.06.17"]
[Round "11"]
[White "Bulgak, Damir"]
[Black "Ragger, Markus"]
[Result "1/2-1/2"]
[WhiteTitle "CM"]
[BlackTitle "GM"]
[WhiteElo "2213"]
[BlackElo "2566"]
[WhiteFideId "13528882"]
[BlackFideId "1610856"]
[EventDate "2025.06.17"]

1. d4 Nf6 2. c4 g6 3. Nc3 d5 4. Nf3 Bg7 5. g3 O-O 6. Bg2 dxc4 7. O-O Nc6 8. d5
Na5 9. e4 c6 10. dxc6 bxc6 11. Qa4 Rb8 12. Rd1 Qb6 13. Bf4 Rb7 14. Be3 Qb4 15.
Qc2 Ng4 16. Bd2 Qxb2 17. Qxb2 Rxb2 18. Rac1 Nb7 19. h3 Nxf2 20. Kxf2 Nc5 21. Ne1
Rd8 22. Ke2 f5 23. Rc2 Bxc3 24. Bxc3 Rxd1 25. Rxb2 Rc1 26. Bd2 Ra1 27. Rb8 Rxa2
28. Rxc8+ Kf7 29. Rxc6 Nb3 30. Nf3 a5 31. Rxc4 a4 32. exf5 gxf5 33. Kd3 a3 34.
Kc3 Nxd2 35. Nxd2 Ra1 36. Ra4 Rg1 37. Bd5+ e6 38. Bb3 Rxg3+ 39. Kd4 Rxh3 40.
Rxa3 Kf6 41. Ra6 Kg5 42. Rxe6 h5 43. Bd5 Ra3 44. Nc4 Ra1 45. Ne5 Rd1+ 46. Kc5
Rc1+ 47. Kd6 Rd1 48. Rg6+ Kf4 49. Rg2 h4 50. Rf2+ Kg3 51. Rxf5 h3 52. Rg5+ Kh4
53. Rg4+ Kh5 54. Rg3 Kh4 55. Rg4+ Kh5 56. Rg8 Kh4 57. Ke6 h2 58. Nf3+ Kh3 59.
Ng5+ Kg3 60. Bf3 Re1+ 61. Kf5 Rf1 62. Rh8 Ra1 63. Be4 Ra5+ 64. Kg6 Ra6+ 65. Kf5
Ra5+ 66. Kf6 Ra6+ 67. Kg7 Ra5 68. Nf7 Ra4 69. Bc6 Rh4 70. Rxh4 Kxh4 71. Ne5 Kg3
72. Nd3 Kg4 73. Bh1 Kg3 74. Kf6 Kg4 75. Ke5 Kg3 76. Ke4 Kg4 77. Ke3 Kg3 78. Ke2
Kg4 79. Kf2 Kf5 80. Kg2 Ke6 81. Kxh2 Kd6 82. Kg3 Kc7 83. Kf3 Kb6 84. Ke4 Kb5 85.
Kd4 Kb6 86. Kc4 Kc7 87. Kc5 Kd7 88. Kd5 Ke7 89. Ke5 Kd7 90. Bd5 Kc7 91. Kd4 Kd7
92. Kc5 Ke7 93. Kd4 Kd7 94. Ne5+ Kd6 95. Nc4+ Kd7 96. Ke5 Ke7 97. Nb6 Kf8 98.
Kf6 Ke8 99. Be6 Kd8 100. Nd5 Ke8 101. Ke5 Kf8 102. Kf6 Ke8 103. Nc7+ Kd8 104.
Nd5 Ke8 1/2-1/2

[Event "Titled Tue 17th Jun Late"]
[Site "chess.com INT"]
[Date "2025.06.17"]
[Round "11"]
[White "Kislinsky, Alexey"]
[Black "Salinas Herrera, Pablo"]
[Result "0-1"]
[WhiteTitle "GM"]
[BlackTitle "GM"]
[WhiteElo "2341"]
[BlackElo "2447"]
[WhiteFideId "14108801"]
[BlackFideId "3407128"]
[EventDate "2025.06.17"]

1. d4 d5 2. c4 e6 3. Nf3 Nf6 4. e3 Be7 5. Nbd2 O-O 6. Bd3 b6 7. O-O Bb7 8. Qe2
Nbd7 9. e4 dxe4 10. Nxe4 c5 11. Rd1 Qc7 12. Bg5 Rfe8 13. Bh4 Nxe4 14. Bxe4 Bxh4
15. Nxh4 Bxe4 16. Qxe4 Nf6 17. Qe2 Rad8 18. Nf3 cxd4 19. Nxd4 Qc5 20. Nf3 a5 21.
b3 h6 22. h3 Nh5 23. Rxd8 Rxd8 24. Rd1 Rxd1+ 25. Qxd1 Nf4 26. Kf1 g5 27. Qd8+
Kg7 28. h4 g4 29. Qd4+ Qxd4 30. Nxd4 Nd3 31. a3 Kf6 32. Nc2 Ke5 33. g3 Ke4 34.
b4 axb4 35. axb4 Nb2 36. Ne3 f5 37. c5 bxc5 38. bxc5 Ke5 39. Ke2 Na4 40. c6 Kd6
41. Nc4+ Kxc6 42. Ne5+ Kd5 43. Nf7 h5 44. Ng5 Nc3+ 45. Ke3 e5 46. Nh7 Ke6 47.
Ng5+ Kf6 48. Nh7+ Kg7 49. Ng5 Nd5+ 50. Kd3 Kf6 51. Nh7+ Ke7 52. Ng5 Nf6 53. Ke3
Kd6 54. Nf7+ Kd5 55. Nh8 Ne8 56. Nf7 Nd6 57. Ng5 Nc4+ 58. Kd3 e4+ 59. Ke2 Ne5
60. Nh7 Ke6 61. Ke3 Ng6 62. Ng5+ Kf6 63. Nh7+ Ke5 64. Ng5 f4+ 65. gxf4+ Kf5 66.
Nf7 Nxh4 67. Nd6+ Ke6 68. Nxe4 Ng2+ 69. Ke2 Nxf4+ 70. Kf1 Kf5 71. Ng3+ Kg5 72.
Kg1 h4 73. Ne4+ Kf5 74. Nd6+ Ke5 75. Nf7+ Kf6 76. Nd6 Nd3 77. Kg2 Ke5 78. Nc4+
Kf4 79. Nb6 Ne5 80. Nd5+ Ke4 81. Nf6+ Kf5 82. Nd5 Nf3 83. Ne3+ Kg5 84. Nd5 Nd4
85. Ne3 Nf5 86. Nd5 Nh6 87. Nc3 Nf7 88. Ne4+ Kf4 89. Nf6 Ng5 90. Nd5+ Ke5 91.
Ne3 Kf4 92. Nd5+ Ke4 93. Nf6+ Kf5 94. Nd5 Ne4 95. Ne3+ Kf4 96. Nd5+ Kg5 97. Ne3
Nf6 98. Nc2 Kf4 99. Ne3 h3+ 100. Kg1 Kf3 101. Nf5 Ne4 102. Nh4+ Kf4 103. Ng6+
Kf3 104. Nh4+ Ke2 105. f3 gxf3 106. Kh2 f2 107. Nf5 f1=Q 108. Ne3 Qf2+ 109. Kh1
Ng3# 0-1